Normal view
MARC view
- Western countries
Entry Geographic Name
001 - CONTROL NUMBER
- control field: 2025
003 - CONTROL NUMBER IDENTIFIER
- control field: NUST
005 - DATE AND TIME OF LATEST TRANSACTION
- control field: 20170606113505.0
008 - FIXED-LENGTH DATA ELEMENTS
- fixed length control field: 170606|| aca||aabn | a|a d
040 ## - CATALOGING SOURCE
- Original cataloging agency: NUST
- Transcribing agency: NUST
151 ## - HEADING--GEOGRAPHIC NAME
- Geographic name: Western countries
- General subdivision: Foreign relations
- Geographic subdivision: Afghanistan.
670 ## - SOURCE DATA FOUND
- Source citation: Work cat.: (NUST)3458: Afghanistan, Pakistan and strategic change :, 2014
